Responses for Show #4097 - Tuesday, May 28, 2002

Jill Bunzendahl Chimka game 1.

Contestants

[<< previous game]

Jill Bunzendahl Chimka, a speech and language pathologist from Washington, D.C.

Michael Dominguez, a waiter from Garland, Texas

Wendy Gluckman, a small business consultant from Bogart, Georgia (whose 1-day cash winnings total $22,001)

[next game >>]

Jeopardy! Round responses

19th CENTURY LIT
STOP STAIR-ING AT ME!
THE KING
CREEPERS & CRAWLERS
STATE GATEWAYS
(Alex: We'll name an airport. You give us the state it's in.)
FREQUENTLY ASKED QUESTIONS
    $200 21
Huckleberry Finn

Michael
    $200 7
"Stairway To Heaven"

Michael
    $200 26
Priscilla Presley

Michael
    $200 6
termites

Wendy
    $200 1
(Michael: What is Chicago?)
...
(Alex: [*], yes; we're going for the state.)

Illinois

MichaelJill
    $200 16
Who goes there?

Jill
    $400 22
Cheshire Cat

Wendy
    $400 12
the Underground Railroad

Michael
    $400 27
Elvis has left the building

Michael
    $400 8
bookworm

Michael
    $400 2
Texas

Jill
    $400 17
What would Jesus do?

Jill
    $600 23
Kipling

Wendy
    $600 13
Palace of the Doges

Michael
    $500 28
Graceland

Michael
    $600 9
praying mantis

Wendy
    $600 3
Louisiana

Wendy
    $600 18
(Michael: What is stage fright?)

Is there a doctor in the house?

MichaelJill
    $800 24
Robert Louis Stevenson

Triple Stumper
    $800 14
Up the Down Staircase

Wendy
    $800 29
Ann-Margret

Jill
    $800 10
weevil

Michael
    $800 4
Massachusetts

Michael
    $800 19
(Michael: What is Who shot J.R.?)
(Wendy: What is whatever happened to?)

Where are they now?

WendyMichael
Triple Stumper
    $1000 25
Jane Eyre

Jill
    $1000 15
William Inge

Triple Stumper
    $1000 30
G.I. Blues

Wendy
    $1000 11
water moccasin

Wendy
    $1000 5
(Jill: What is Oklahoma?)
(Wendy: What's California?)

Alaska

WendyJill
Triple Stumper
    $1000 20
Are you a man or a mouse?

Michael

Scores at the first commercial break (after clue 15):

Wendy Michael Jill
$2,200 $3,000 -$400

Scores at the end of the Jeopardy! Round:

Wendy Michael Jill
$3,400 $3,900 $2,600

Double Jeopardy! Round responses

"I" LANDS
PRINCESS, WHO'S YOUR DADDY?
A DAY TO REMEMBER
CLASSIC SITCOM EPISODES
HEY, DOC!
WORDS WITHIN WORDS
(Alex: The correct response will be a word that is contained within one of the words in the clue.)
    $400 1
Ireland

Wendy
    $400 6
Rainier

Wendy
    $400 18
Equal Rights Amendment

Michael
    $400 13
Mork & Mindy

Michael
    $400 11
Jonas Salk

Jill
    $400 24
life

Wendy
    $800 2
Indonesia

Jill
    $800 7
Powhatan

Jill
    $800 19
Graf Zeppelin

Wendy
    $800 14
I Dream of Jeannie

Wendy
    $800 12
Samuel Mudd

Jill
    $800 25
script

Wendy
    $1200 3
Iraq

Wendy
    $1200 8
(Michael: Who is Hirohito?)

Akihito

Michael
Triple Stumper
    $1200 20
Johnny Carson

Michael
    $1200 15
The Mary Tyler Moore Show

Jill
    $3,000 23
(Wendy: Who is Galen?)

William Harvey

Wendy
    $1200 26
demon

Wendy
    $1600 4
Italy

Wendy
    $1600 9
Prince Andrew

Jill
    $1600 21
World Cup (in soccer)

Wendy
    $1600 16
Taxi

Michael
    $1600 29
(Jill: Who is Kellogg?)
(Alex: Which one?)
(Jill: Oo, James?)
(Alex: Not the man with the Corn Flakes. It was [*]. Not Will.)

John Harvey Kellogg

Jill
Triple Stumper
    $1600 27
crony

Jill
    $2000 5
Ivory Coast

Wendy
    $2,000 10
Ferdinand (V)

Jill
    $2000 22
(Ed) Muskie

Wendy
    $2000 17
Sanford and Son

Wendy
    $2000 30
Elizabeth Blackwell

Jill
    $2000 28
dame

Michael

Scores at the end of the Double Jeopardy! Round:

Wendy Michael Jill
$15,600 $8,300 $12,200

[wagering suggestions for these scores]

Final Jeopardy! Round responses

POLITICAL LONGEVITY
MichaelWho are Strom Thurmond and Pete Do
$5,300
JillWho are Strom Thurmon & Ted Kennedy?
$3,500
WendyWho are Helms & Thurman?
$8,800
(2 of) Strom Thurmond, Ted Kennedy, Daniel Inouye & Robert Byrd

Final scores:

Wendy Michael Jill
$6,800 $3,000 $15,700
2nd place: $2,000 3rd place: $1,000 New champion: $15,700

Game dynamics:

Coryat scores:

Wendy Michael Jill
$18,600 $8,400 $12,200
21 R,
3 W
(including 1 DD)
16 R
(including 1 DD),
4 W
16 R
(including 1 DD),
2 W

Combined Coryat: $39,200

[game clues] [game scores] [suggest correction]

Game tape date: 2002-02-04
The J! Archive is created by fans, for fans. Scraping, republication, monetization, and malicious use prohibited; this site may use cookies and collect identifying information. See terms. The Jeopardy! game show and all elements thereof, including but not limited to copyright and trademark thereto, are the property of Jeopardy Productions, Inc. and are protected under law. This website is not affiliated with, sponsored by, or operated by Jeopardy Productions, Inc. Join the discussion at JBoard.tv.